[Event "Kalamazoo op1"]
[Site "Kalamazoo"]
[Date "2003.08.30"]
[Round "1.23"]
[White "Feller, Brad"]
[Black "Almasy, Dale"]
[Result "1-0"]
[WhiteElo "1355"]
[BlackElo "875"]
[PlyCount "57"]
[EventDate "2003.08.29"]
[EventType "swiss"]
[EventRounds "7"]
[EventCountry "USA"]
[SourceTitle "EXT 2007"]
[Source "ChessBase"]
[SourceDate "2006.11.23"]
[SourceVersion "1"]
[SourceVersionDate "2006.11.23"]
[SourceQuality "1"]

1. c4 e5 2. d3 Nf6 3. Nc3 Bb4 4. Bd2 d5 5. cxd5 Nxd5 6. g3 c6 7. Bg2 0-0 8. Qb3 Be6 9. Bxd5 Bxc3 10. Bxe6 Bxd2+ 11. Kxd2 fxe6 12. Qxe6+ Rf7 13. Nf3 Qa5+ 14. Kc2 Nd7 15. Ng5 Qc5+ 16. Kd1 Qxf2 17. Nxf7 Nf8 18. Qc4 Qxf7 19. Qxf7+ Kxf7 20. Kd2 Rd8 21. Rhf1+ Kg8 22. Rf2 c5 23. Rc1 b6 24. b3 Rd4 25. Rcf1 Ng6 26. Rf7 a5 27. Rb7 Rb4 28. Rb8+ Nf8 29. Rbxf8# 1-0

[Event "Kalamazoo op1"]
[Site "Kalamazoo"]
[Date "2003.08.30"]
[Round "3.3"]
[White "Feller, Brad"]
[Black "Avery, James"]
[Result "1/2-1/2"]
[WhiteElo "1355"]
[BlackElo "1033"]
[PlyCount "54"]
[EventDate "2003.08.29"]
[EventType "swiss"]
[EventRounds "7"]
[EventCountry "USA"]
[SourceTitle "EXT 2007"]
[Source "ChessBase"]
[SourceDate "2006.11.23"]
[SourceVersion "1"]
[SourceVersionDate "2006.11.23"]
[SourceQuality "1"]

1. c4 e5 2. d3 Nf6 3. Nc3 Be7 4. g3 0-0 5. Bg2 d6 6. a3 c5 7. Bg5 Re8 8. Bxf6 Bxf6 9. e3 Nd7 10. Nge2 Qb6 11. Nd5 Qa5+ 12. b4 cxb4 13. axb4 Qd8 14. Nec3 Nb6 15. 0-0 Nxd5 16. Nxd5 Qd7 17. Nxf6+ gxf6 18. Qh5 Qf5 19. Qh4 Qxd3 20. Be4 Qxc4 21. Rac1 Qe6 22. Rc7 f5 23. Bd3 d5 24. Bb5 Qd6 25. Rfc1 Rf8 26. Re7 a6 27. Be8 Be6 1/2-1/2

[Event "Lansing op"]
[Site "Lansing"]
[Date "2002.09.02"]
[Round "7"]
[White "Buckles, Mark"]
[Black "Feller, Brad"]
[Result "1-0"]
[WhiteElo "1287"]
[BlackElo "1304"]
[PlyCount "103"]
[EventDate "2002.08.30"]
[EventType "swiss"]
[EventRounds "7"]
[EventCountry "USA"]
[SourceTitle "EXT 2007"]
[Source "ChessBase"]
[SourceDate "2006.11.23"]
[SourceVersion "1"]
[SourceVersionDate "2006.11.23"]
[SourceQuality "1"]

1. d4 g6 2. e4 Bg7 3. Nf3 d6 4. Be3 Bg4 5. c3 Nf6 6. Nbd2 0-0 7. Bc4 c6 8. Bd3 Qc7 9. 0-0 c5 10. Qa4 a6 11. Rac1 b5 12. Bxb5 Bxf3 13. gxf3 Qb7 14. Bc4 cxd4 15. cxd4 d5 16. Qb3 Qxb3 17. Bxb3 dxe4 18. fxe4 Ng4 19. Rc7 a5 20. Rxe7 Nc6 21. Rd7 Rad8 22. Rxd8 Rxd8 23. h3 Nh6 24. d5 Nb4 25. Nc4 Ra8 26. Rd1 a4 27. a3 axb3 28. axb4 Rc8 29. Bc5 Bf8 30. Bxf8 Kxf8 31. Rd4 Ng8 32. e5 Ne7 33. d6 Nc6 34. d7 Rd8 35. Rd6 Nb8 36. Nb6 Ke7 37. Nd5+ Kf8 38. Nf6 h5 39. Kf1 Ke7 40. Ke2 Nxd7 41. Rxd7+ Rxd7 42. Nxd7 Kxd7 43. Kd3 Ke6 44. Kd4 Kf5 45. b5 Kg5 46. b6 Kh4 47. b7 Kxh3 48. b8Q Kg2 49. Qxb3 h4 50. Ke4 g5 51. Qf3+ Kf1 52. Ke3 1-0

[Event "Lansing op"]
[Site "Lansing"]
[Date "2002.09.01"]
[Round "4"]
[White "Sanders, Travis"]
[Black "Feller, Brad"]
[Result "1/2-1/2"]
[WhiteElo "1271"]
[BlackElo "1304"]
[PlyCount "97"]
[EventDate "2002.08.30"]
[EventType "swiss"]
[EventRounds "7"]
[EventCountry "USA"]
[SourceTitle "EXT 2007"]
[Source "ChessBase"]
[SourceDate "2006.11.23"]
[SourceVersion "1"]
[SourceVersionDate "2006.11.23"]
[SourceQuality "1"]

1. e4 c5 2. Nf3 d6 3. d4 Bg4 4. dxc5 Bxf3 5. Qxf3 Qa5+ 6. Qc3 Qxc5 7. Qxc5 dxc5 8. Bb5+ Nd7 9. Bxd7+ Kxd7 10. 0-0 Rd8 11. Rd1+ Kc8 12. Rxd8+ Kxd8 13. b3 f6 14. f4 e6 15. Bb2 Ne7 16. Nd2 Nc6 17. Nf3 Be7 18. a3 Kc7 19. Rd1 Rd8 20. Rxd8 Kxd8 21. g4 Bd6 22. e5 fxe5 23. Nxe5 Nxe5 24. fxe5 Bc7 25. Kf2 Ke7 26. Ke3 g5 27. c4 Ba5 28. Kd3 Be1 29. Ke2 Ba5 30. Kd3 Be1 31. Bc3 Bf2 32. b4 Kd7 33. b5 b6 34. a4 Bg1 35. h3 Bh2 36. Ke4 Bf4 37. Be1 h6 38. Bf2 Ke7 39. Be3 Bxe3 40. Kxe3 Kf7 41. Kf3 Kg6 42. Ke3 Kf7 43. Kd3 Ke7 44. Kc3 Kd7 45. Kb3 Kc7 46. a5 Kb7 47. Ka4 Kc7 48. axb6+ axb6 49. Kb3 1/2-1/2

[Event "Kalamazoo op"]
[Site "Kalamazoo"]
[Date "2001.07.28"]
[Round "1"]
[White "Feller, Brad"]
[Black "Blaine, Roger"]
[Result "0-1"]
[WhiteElo "1162"]
[BlackElo "1743"]
[PlyCount "72"]
[EventDate "2001.07.28"]
[EventType "swiss"]
[EventRounds "5"]
[EventCountry "USA"]
[SourceTitle "EXT 2007"]
[Source "ChessBase"]
[SourceDate "2006.11.23"]
[SourceVersion "1"]
[SourceVersionDate "2006.11.23"]
[SourceQuality "1"]

1. c4 e6 2. Nc3 f5 3. Nf3 Nf6 4. g3 b6 5. Bg2 Bb7 6. 0-0 Be7 7. a3 a5 8. d3 0-0 9. Be3 d6 10. Ng5 Bxg2 11. Nxe6 Qc8 12. Nxf8 Bxf1 13. Nxh7 Nxh7 14. Qxf1 Nc6 15. Qg2 Ne5 16. Nd5 Bf6 17. f4 Ng4 18. Bd4 Bxd4+ 19. Kf1 Kf8 20. Nxc7 Ne3+ 21. Kf2 Nxg2+ 22. Kxg2 Qxc7 23. Rb1 g5 24. fxg5 Nxg5 25. h4 Qc6+ 26. Kh2 Nf7 27. Rf1 Nh6 28. Kh3 Qd7 29. g4 Nxg4 30. Rf4 Nf2+ 31. Kg2 Qb7+ 32. Kg3 Qh1 33. Rxf5+ Ke7 34. Rxf2 Rg8+ 35. Kf4 Qg1 36. a4 Qg4# 0-1

[Event "Detroit op"]
[Site "Detroit"]
[Date "1999.12.18"]
[Round "2"]
[White "Almasy, Roy"]
[Black "Feller, Brad"]
[Result "1-0"]
[WhiteElo "809"]
[BlackElo "839"]
[PlyCount "23"]
[EventDate "1999.12.18"]
[EventType "swiss"]
[EventRounds "6"]
[EventCountry "USA"]
[SourceTitle "EXT 2007"]
[Source "ChessBase"]
[SourceDate "2006.11.23"]
[SourceVersion "1"]
[SourceVersionDate "2006.11.23"]
[SourceQuality "1"]

1. e4 c5 2. Nc3 d6 3. Nf3 g6 4. Bc4 Bg7 5. Ng5 e6 6. d3 Qa5 7. Bd2 Qb4 8. Qf3 b6 9. Nb5 Qxb2 10. Bc3 Qxc2 11. Bb3 Qxc3+ 12. Nxc3 1-0

[Event "Michigan Amateur"]
[Site "Flint"]
[Date "1999.07.17"]
[Round "3"]
[White "Gibbs, Tony"]
[Black "Feller, Brad"]
[Result "0-1"]
[WhiteElo "1406"]
[BlackElo "815"]
[PlyCount "64"]
[EventDate "1999.07.17"]
[EventType "swiss"]
[EventRounds "5"]
[EventCountry "USA"]
[SourceTitle "EXT 2009"]
[Source "ChessBase"]
[SourceDate "2008.11.26"]
[SourceVersion "1"]
[SourceVersionDate "2008.11.26"]
[SourceQuality "1"]

1. e4 e5 2. Nf3 Nc6 3. Bc4 Nf6 4. d3 d5 5. exd5 Nxd5 6. 0-0 Be6 7. Ng5 Qd7 8. Nxe6 Qxe6 9. Re1 f6 10. Qh5+ Ke7 11. b3 Nd4 12. Ba3+ Kd7 13. Rc1 Bxa3 14. Nxa3 Qc6 15. Qf7+ Kd6 16. c3 Ne2+ 17. Kf1 a6 18. Kxe2 Nf4+ 19. Kd2 Qxg2 20. Rf1 b5 21. Bxb5 axb5 22. Nxb5+ Kc6 23. Nxc7 Qf3 24. Qc4+ Kb7 25. Rae1 Rxa2+ 26. Kc1 Nxd3+ 27. Kb1 Rb2+ 28. Ka1 Nxe1 29. Kxb2 Nd3+ 30. Ka1 Qc6 31. Qxc6+ Kxc6 32. Ne6 Ra8+ 0-1

[Event "Grand Masters/Experts-ch"]
[Site "Lansing"]
[Date "1999.01.10"]
[Round "4"]
[White "Evans, Joseph"]
[Black "Feller, Brad"]
[Result "1-0"]
[WhiteElo "1605"]
[BlackElo "1605"]
[PlyCount "85"]
[EventDate "1999.??.??"]
[EventType "swiss"]
[EventRounds "5"]
[EventCountry "USA"]
[SourceTitle "EXT 2007"]
[Source "ChessBase"]
[SourceDate "2006.11.23"]
[SourceVersion "1"]
[SourceVersionDate "2006.11.23"]
[SourceQuality "1"]

1. e4 e5 2. Nf3 d6 3. Bc4 Bg4 4. h3 Bxf3 5. Qxf3 Nf6 6. 0-0 c6 7. Qf5 Qd7 8. Qg5 Qe7 9. d3 b5 10. Bb3 c5 11. Bd5 Nxd5 12. exd5 Qf6 13. Qg3 h5 14. Bg5 Qg6 15. Nc3 f6 16. Bh4 Qxg3 17. Bxg3 b4 18. Nb5 Kd7 19. c3 a6 20. Nxd6 Bxd6 21. cxb4 cxb4 22. Rac1 g5 23. f3 Rc8 24. Rxc8 Kxc8 25. h4 Nd7 26. hxg5 fxg5 27. Rc1+ Kb7 28. Rc6 h4 29. Rxd6 hxg3 30. Rxd7+ Kb6 31. Re7 Rc8 32. Kf1 Rc2 33. d6 Rxb2 34. d7 Rb1+ 35. Ke2 Rb2+ 36. Ke3 Rb1 37. d8Q+ Kb5 38. Rxe5+ Kc6 39. Qd5+ Kc7 40. Qf7+ Kb6 41. Qf6+ Kc7 42. Re7+ Kd8 43. Qf8# 1-0

[Event "Grand Masters/Experts-ch"]
[Site "Lansing"]
[Date "1999.01.10"]
[Round "5"]
[White "Hetmanski, Josh"]
[Black "Feller, Brad"]
[Result "0-1"]
[WhiteElo "1605"]
[BlackElo "1605"]
[PlyCount "124"]
[EventDate "1999.??.??"]
[EventType "swiss"]
[EventRounds "5"]
[EventCountry "USA"]
[SourceTitle "EXT 2007"]
[Source "ChessBase"]
[SourceDate "2006.11.23"]
[SourceVersion "1"]
[SourceVersionDate "2006.11.23"]
[SourceQuality "1"]

1. e4 e5 2. Nf3 d6 3. d3 c5 4. Be2 d5 5. exd5 Qxd5 6. 0-0 e4 7. Ne1 Bg4 8. Bxg4 c4 9. dxe4 Qxe4 10. b3 Qe5 11. bxc4 Qxa1 12. Bf4 Qxa2 13. Bxb8 Rxb8 14. Nc3 Rd8 15. Qxd8+ Kxd8 16. Nxa2 Nf6 17. Bf3 Bc5 18. Bxb7 Bd6 19. Bd5 Ng4 20. Bxf7 Nxh2 21. c5 Be5 22. Nf3 Nxf1 23. Nxe5 Nd2 24. Nc4 Rf8 25. Nxd2 Rxf7 26. Ne4 Rb7 27. Nd6 Rb2 28. Nc1 Rxc2 29. Nd3 Rc3 30. Nf7+ Kc7 31. Nde5 Rxc5 32. f4 g6 33. Ng5 h6 34. Ngf7 g5 35. fxg5 hxg5 36. g4 a5 37. Nd3 Rc4 38. Nde5 Rc5 39. Nd3 Rd5 40. Nde5 a4 41. Nc4 Rd4 42. Nb2 Rxg4+ 43. Kf1 a3 44. Ne5 Rf4+ 45. Ke1 axb2 46. Nd3 b1Q+ 47. Ke2 Qf1+ 48. Ke3 Qxd3+ 49. Kxd3 Rf8 50. Ke4 Rg8 51. Kf5 g4 52. Kf6 g3 53. Kf7 Rg4 54. Kf6 g2 55. Kf5 g1Q 56. Kf6 Rf4+ 57. Ke5 Qe3+ 58. Kd5 Rd4+ 59. Kc5 Kd8 60. Kc6 Qc3+ 61. Kb5 Rb4+ 62. Ka6 Qa1# 0-1

[Event "Grand Masters/Experts-ch"]
[Site "Lansing"]
[Date "1999.01.09"]
[Round "3"]
[White "Feller, Brad"]
[Black "McMillan, Timothy"]
[Result "0-1"]
[WhiteElo "1605"]
[BlackElo "1605"]
[PlyCount "111"]
[EventDate "1999.??.??"]
[EventType "swiss"]
[EventRounds "5"]
[EventCountry "USA"]
[SourceTitle "EXT 2007"]
[Source "ChessBase"]
[SourceDate "2006.11.23"]
[SourceVersion "1"]
[SourceVersionDate "2006.11.23"]
[SourceQuality "1"]

1. e4 c5 2. c3 Nc6 3. d4 cxd4 4. cxd4 d5 5. exd5 Qxd5 6. Be3 e5 7. Nf3 Bg4 8. Be2 Nxd4 9. Nxd4 Bxe2 10. Nxe2 Qxd1+ 11. Kxd1 0-0-0+ 12. Nd2 Kb8 13. g3 f5 14. f4 e4 15. h3 Nh6 16. g4 Bb4 17. gxf5 Bxd2 18. Bxd2 e3 19. Rc1 Rxd2+ 20. Ke1 Nxf5 21. Rg1 g6 22. Rb1 Rhd8 23. a3 Nd4 24. Nxd4 R8xd4 25. Rc1 e2 26. f5 a6 27. Kf2 Rxb2 28. fxg6 hxg6 29. Rce1 Rd1 30. Rxg6 Rbb1 31. Rxe2 Rf1+ 32. Kg2 Rg1+ 33. Kf2 Rxg6 34. Re3 Rb2+ 35. Kf3 Kc7 36. Kf4 Rf2+ 37. Ke4 Re6+ 38. Kd3 Rxe3+ 39. Kxe3 Rh2 40. a4 Rxh3+ 41. Kd2 Ra3 42. Kc2 Rxa4 43. Kb3 Rh4 44. Ka3 b5 45. Kb3 a5 46. Ka3 Kc6 47. Kb3 a4+ 48. Ka3 Kc5 49. Ka2 Rh3 50. Kb2 b4 51. Ka2 Rh2+ 52. Ka1 a3 53. Kb1 Kc4 54. Kc1 Kb3 55. Kd1 a2 56. Ke1 0-1